| 000 | 00554nam a22002057a 4500 | ||
|---|---|---|---|
| 003 | OSt | ||
| 005 | 20140310183002.0 | ||
| 008 | 130209t xxu||||| |||| 00| 0 eng d | ||
| 020 | _a9710867105 | ||
| 050 |
_aHF 5718.2.P6 _b.B68 2008 |
||
| 100 | _aBouing, Ronnie A. | ||
| 245 |
_aEffective business communication / _cRonnie A. Bouing |
||
| 260 |
_aMandaluyong City : _bNational Book Store, _c2008. |
||
| 300 |
_a289 p. : _c26 cm. |
||
| 521 | _aBSBA | ||
| 650 | _aBusiness communication | ||
| 650 | _aBSBA | ||
| 942 |
_2lcc _cBK _kLOC |
||
| 999 |
_c18139 _d18139 |
||